| 000 | 00531 a2200169 4500 | ||
|---|---|---|---|
| 999 |
_c4740 _d4740 |
||
| 020 | _a1868531309 | ||
| 050 | _aQA 75.5 KOR 1997 | ||
| 100 |
_aKorf, Elmare _eauthor |
||
| 245 |
_aInformation processing NSC/N4 : _bwith typing technique and word processing _cElmare Korf |
||
| 264 |
_aJohannesburg : _bHeinemann _c1997 |
||
| 300 |
_a129p. : _bill. |
||
| 500 | _aText | ||
| 650 | _a Word processing -- Problems, exercises, | ||
| 650 | _aTypewriting -- Problems, exercises, | ||
| 650 | _aTypewriting. | ||
| 942 |
_2lcc _cBK _h75.5 _iKOR _kQA |
||